Fuero de Madrid / (Record no. 65854)

MARC details
000 -LEADER
campo de control de longitud fija 01170nam a2200265 i 4500
001 - NÚMERO DE CONTROL
campo de control 65854
003 - IDENTIFICADOR DE NÚMERO DE CONTROL
campo de control ES-MaACL
005 - FECHA Y HORA DE LA ÚLTIMA TRANSACCIÓN
campo de control 20250927134912.0
007 - CAMPO FIJO DE DESCRIPCIÓN FÍSICA--INFORMACIÓN GENERAL
campo de control de longitud fija t|
008 - DATOS DE LONGITUD FIJA--INFORMACIÓN GENERAL
campo de control de longitud fija 040122s1932 sp ||||1| spa d
245 00 - MENCIÓN DEL TÍTULO
Título Fuero de Madrid /
Mención de responsabilidad, etc. [por Galo Sánchez ; texto y transcripción por Agustín Millares Carlo ; glosario por Rafael Lapesa].
260 ## - PUBLICACIÓN, DISTRIBUCIÓN, ETC.
Lugar de publicación, distribución, etc. Madrid :
Nombre del editor, distribuidor, etc. [s.n.],
Fecha de publicación, distribución, etc. 1932 (
Fabricante Artes Gráf. Municipales)
300 ## - DESCRIPCIÓN FÍSICA
Extensión 73 p., [64] p. de lám. :
Otras características físicas il. col. ;
Dimensiones 32 cm.
490 1# - MENCIÓN DE SERIE
Mención de serie Publicaciones del Archivo de Villa
505 8# - NOTA DE CONTENIDO CON FORMATO
Nota de contenido con formato Contiene: Introducción / por Pedro Rico López. El Fuero de Madrid y los derechos locales castellanos / por Galo Sánchez. Texto / transcripción por Agustín Millares Carlo. Glosario / por Rafael Lapesa
650 04 - PUNTO DE ACCESO ADICIONAL DE MATERIA--TÉRMINO DE MATERIA
Término de materia o nombre geográfico como elemento de entrada Fueros-
Subdivisión geográfica Madrid.
9 (RLIN) 12992
700 1# - ENTRADA AGREGADA--NOMBRE PERSONAL
Nombre de persona Rico López, Pedro.
9 (RLIN) 97030
700 1# - ENTRADA AGREGADA--NOMBRE PERSONAL
Nombre de persona Sánchez, Galo,
Fechas asociadas al nombre 1892-1969
9 (RLIN) 102368
700 1# - ENTRADA AGREGADA--NOMBRE PERSONAL
Nombre de persona Millares Carlo, Agustín,
Fechas asociadas al nombre 1893-1980
9 (RLIN) 81176
700 0# - ENTRADA AGREGADA--NOMBRE PERSONAL
Nombre de persona Lapesa, Rafael,
Fechas asociadas al nombre 1908-2001
9 (RLIN) 70146
710 2# - ENTRADA AGREGADA--NOMBRE DE ENTIDAD CORPORATIVA
Nombre de entidad corporativa o nombre de jurisdicción como elemento de entrada Archivo de Villa (Madrid)
9 (RLIN) 1427
830 1# - PUNTO DE ACCESO ADICIONAL DE SERIE-TÍTULO UNIFORME
Título uniforme Publicaciones del Archivo de Villa
9 (RLIN) 226753
852 ## - LOCALIZACIÓN
Ubicación ES-MaACL
Número de control de estantería F-14509
Holdings
Estatus retirado Estado de pérdida Estado de daño No para préstamo Biblioteca de origen Biblioteca actual Ubicación en estantería Fecha de adquisición Fuente de adquisición Total de préstamos Signatura topográfica completa Código de barras Visto por última vez Precio de reemplazo Tipo de ítem Koha
        Biblioteca del Ateneo de Madrid Biblioteca del Ateneo de Madrid Sala Pecera Planta 2 17/01/2008     F-14509 1068991 23/02/2023 23/02/2023 Libro impreso